000 00640nam a22001697a 4500
003 MACL
005 20160114120142.0
008 160114b xxu||||| |||| 00| 0 eng d
040 _cMACL
041 _aHindi
082 _a001
100 _aडॉ शर्मा डॉ सुरेन्‍द सोलंकी एंव आर के सिंह
_932117
245 _aमध्‍यप्रदेश जिला दर्शन एंव सामान्‍य ज्ञान
260 _aआगरा
_bउपकार प्रकाशन
650 _aसामान्‍य ज्ञान
_9328
942 _2ddc
_cHIN
999 _c52169
_d52169